2015 NHL First Round Draft Selections - Statistics

General Stats
  • This quiz has been taken 38 times
  • The average score is 14 of 30
Answer Stats
Pick Name Team Position % Correct
1 Connor McDavid EDM C
100%
2 Jack Eichel BUF C
92%
4 Mitch Marner TOR C
88%
3 Dylan Strome ARI C
81%
17 Kyle Connor WPG LW
81%
16 Mathew Barzal NYI C
73%
18 Thomas Chabot OTT D
73%
8 Zach Werenski CBJ D
69%
14 Jake DeBrusk BOS LW
65%
10 Mikko Rantanen COL RW
65%
5 Noah Hanifin CAR D
58%
24 Travis Konecny PHI C
54%
23 Brock Boeser VAN RW
50%
22 Ilya Samsonov WSH G
46%
7 Ivan Provorov PHI D
46%
9 Timo Meier SJS RW
46%
6 Pavel Zacha NJD C
42%
15 Zach Senyshyn BOS RW
42%
13 Jakob Zboril BOS D
38%
19 Evgeny Svechnikov DET LW
31%
11 Lawson Crouse FLA LW
31%
28 Anthony Beauvillier NYI LW
27%
20 Joel Eriksson Ek MIN C
27%
12 Denis Gurianov DAL RW
19%
26 Noah Juulsen MTL D
19%
21 Colin White OTT C
15%
29 Gabriel Carlsson CBJ D
12%
25 Jack Roslovic WPG C
12%
30 Nick Merkley ARI RW
12%
27 Jacob Larsson ANA D
8%
No matching quizzes found
Score Distribution
Percent of People with Each Score
Percentile by Number Answered
Your Score History
You have not taken this quiz